00823nac a22002291u 4500010001500000020001500015082001700030090001300047100003400060245010400094250001200198260005800210300004100268504006400309650001900373650002100392700002000413700002300433942001900456999001300475952010500488 a2003002166 a812032312200a004.21bV135 c987d987 aValacich, Joseph S., 10aEssentials of systems analysis and design /cJoseph S. Valacich, Joey F. George, Jeffrey A. Hoffer. a2nd ed. aNew Delhi :bPrentice Hall of India,bc c2004.c2004. axxvii, 460 p. :bcol. ill. ;c28 cm. aIncludes bibliographical references (p. 443-446) and index. 0aSystem design. 0aSystem analysis.1 aGeorge, Joey F.1 aHoffer, Jeffrey A. cBBk004.21V135 c987d987 00104070aMAINbMAINcLOWd2015-08-06ePurchasel0o004.21 VALp000003529r2025-07-15 00:00:00yBB